Olivia Rodrigo song lyrics - No hints ! @1 - Statistics

General Stats
  • This quiz has been taken 198 times
    62 since last reset
  • The average score is 385 of 499
Answer Stats
Answer % Correct
I
100%
a
97%
me
95%
He
92%
he
92%
it
92%
love
92%
the
92%
so
89%
So
89%
an
87%
my
87%
and
84%
And
84%
Do
84%
do
84%
him
84%
him?
84%
like
84%
on
84%
One
84%
one
84%
to
84%
was
84%
be
82%
hate
82%
I'm
82%
make
82%
son
82%
up
82%
back
79%
back,
79%
back!
79%
get
79%
in
79%
night
79%
time
79%
when
79%
all
76%
All
76%
every
76%
feel
76%
had
76%
is
76%
it's
76%
jealous
76%
just
76%
oh
76%
Oh
76%
that
76%
us
76%
wanna
76%
Wanna
76%
want
76%
way
76%
with
76%
With
76%
would
76%
am
74%
down!
74%
friend
74%
friends
74%
guess
74%
he's
74%
kiss
74%
never
74%
real
74%
bad
71%
But
71%
but
71%
depressed
71%
end
71%
feeling
71%
her
71%
If
71%
made
71%
miss
71%
now
71%
really
71%
sad
71%
said
71%
some
71%
such
71%
take
71%
again
68%
car
68%
choose
68%
face
68%
fly
68%
France!
68%
heart
68%
He'd
68%
he'd
68%
makes
68%
out
68%
pass
68%
remember
68%
right
68%
song
68%
tell
68%
then
68%
this
68%
about
66%
Another
66%
another
66%
dance
66%
dude
66%
ego
66%
everything
66%
eye
66%
fun
66%
guy
66%
his
66%
mom
66%
nice
66%
of
66%
say
66%
something
66%
sweet
66%
try !
66%
wrong?
66%
argued
63%
club
63%
drums?
63%
laugh
63%
left
63%
met
63%
much
63%
parties
63%
revenge
63%
spring
63%
sucks
63%
summer
63%
temper
63%
uppercut
63%
wandering
63%
weird
63%
as
61%
bar
61%
'Cause
61%
could
61%
fix
61%
girl
61%
maybe
61%
nights
61%
only
61%
them
61%
Yeah
61%
break
58%
daughter
58%
father's
58%
how
58%
key
58%
kisses
58%
meet
58%
six-foot-two
58%
three
58%
two
58%
wasn't
58%
hurt
55%
stitch
55%
Stitch
55%
'Til
55%
truth
55%
wait
55%
Because
53%
disappointed
53%
letters
53%
little
53%
lunch
53%
throw
53%
told
53%
trash
53%
everyone
50%
faces
50%
hitting
50%
knew
50%
picture
50%
pour
50%
shit
50%
these
50%
trippin'
50%
write
50%
send
47%
(And then? And then!)
13%
No matching quizzes found
Score Distribution
Percent of People with Each Score
Percentile by Number Answered
Your Score History
You have not taken this quiz since the last reset